| 000 | 00775nam a2200241 u 4500 | ||
|---|---|---|---|
| 005 | 20241012064028.0 | ||
| 008 | 091210s2004 es r 000 0 spa d | ||
| 020 | _a8446003775 | ||
| 035 | _aUPN01000174236 | ||
| 049 | _aCG | ||
| 050 | 4 |
_aHQ767.9 _bV5.22 |
|
| 100 | 1 | _aVialles, Catherine | |
| 245 | 1 | 0 |
_a150 actividades para niños y niñas : _b3 años / _cCatherine Vialles ; il. de Caroline Dillard y Javier Yuste ; tr. de Clara Cerón. |
| 260 |
_aMadrid : _bAkal, _c2004. |
||
| 300 |
_a150 [7] p. : _bil. col. |
||
| 440 | 0 |
_aTitulo orignal: _v150 activités pour vôtre enfant : 3 ans |
|
| 650 | 4 |
_aDesarrollo infantil _9176 |
|
| 650 | 4 |
_aAtención _98528 |
|
| 650 | 4 |
_aMemoria _95324 |
|
| 650 | 4 |
_aJuegos educativos _93952 |
|
| 905 | _aLibro | ||
| 999 |
_c146340 _d146340 |
||